[Event "Arber op Seniors 2nd"]
[Site "Bayerisch Eisenstein"]
[Date "2014.08.23"]
[Round "8"]
[White "Kiefer, Herbert"]
[Black "Tveten, Per"]
[Result "1-0"]
[WhiteElo "1872"]
[BlackElo "1578"]
[PlyCount "109"]
[EventDate "2014.08.16"]
[EventType "swiss"]
[EventRounds "9"]
[EventCountry "GER"]
[SourceTitle "EXT 2016"]
[Source "ChessBase"]
[SourceDate "2015.10.08"]
[SourceVersion "1"]
[SourceVersionDate "2015.10.08"]
[SourceQuality "1"]

1. Nc3 e5 2. e4 Nc6 3. Nf3 Nf6 4. Bb5 d6 5. d4 exd4 6. Nxd4 Bd7 7. Nxc6 bxc6 8. Bd3 h6 9. 0-0 g6 10. f4 Bg7 11. h3 0-0 12. Bd2 Ne8 13. Qf3 f5 14. exf5 Bd4+ 15. Kh2 Bxf5 16. Qxc6 Bg7 17. Rae1 Bxd3 18. cxd3 Nf6 19. Re6 Kh7 20. Rfe1 Re8 21. Rxe8 Nxe8 22. b3 Nf6 23. Nb5 Rb8 24. Qxc7 a6 25. Qxd8 Rxd8 26. Nc7 Rc8 27. Rc1 a5 28. Ne6 Rxc1 29. Bxc1 Bh8 30. Bd2 Nd5 31. Bxa5 Bc3 32. Bxc3 Nxc3 33. a4 Kg8 34. g4 Kf7 35. f5 Nd5 36. a5 gxf5 37. gxf5 Kf6 38. Nd4 Ke5 39. Nb5 Nb4 40. d4+ Kxf5 41. Nxd6+ Ke6 42. Nb5 Kd5 43. Kg3 Ke4 44. Kg4 Kd3 45. Kh5 Kc2 46. d5 Nxd5 47. a6 Kxb3 48. a7 Nb6 49. Nc7 Kb4 50. a8Q Nxa8 51. Nxa8 Kc5 52. Kxh6 Kc6 53. h4 Kb7 54. h5 Kxa8 55. Kg7 1-0

[Event "Arber op Seniors 2nd"]
[Site "Bayerisch Eisenstein"]
[Date "2014.08.22"]
[Round "7"]
[White "Tveten, Per"]
[Black "Pohl, Rolf Dieter"]
[Result "1-0"]
[WhiteElo "1578"]
[BlackElo "1000"]
[PlyCount "149"]
[EventDate "2014.08.16"]
[EventType "swiss"]
[EventRounds "9"]
[EventCountry "GER"]
[SourceTitle "EXT 2016"]
[Source "ChessBase"]
[SourceDate "2015.10.08"]
[SourceVersion "1"]
[SourceVersionDate "2015.10.08"]
[SourceQuality "1"]

1. e4 c6 2. c4 d5 3. cxd5 cxd5 4. exd5 Qxd5 5. Nc3 Qf5 6. Nf3 Nc6 7. a3 e6 8. d4 a6 9. Bd3 Qa5 10. Bd2 Qc7 11. 0-0 Bd6 12. g3 Nf6 13. Re1 Bd7 14. d5 Ne7 15. dxe6 Bxe6 16. Rc1 Qd7 17. Ne4 Nxe4 18. Bxe4 0-0 19. Bb4 Rad8 20. Qxd6 Qxd6 21. Bxd6 Rxd6 22. Rc7 Nc6 23. Rxb7 Nb8 24. Ng5 g6 25. Rc1 Rfd8 26. Kg2 Nd7 27. Rcc7 Ne5 28. Nxe6 Rxe6 29. Re7 Rxe7 30. Rxe7 f6 31. Re6 Kg7 32. Rxa6 Rd2 33. h3 Rxb2 34. a4 Re2 35. Bf3 Nxf3 36. Kxf3 Re5 37. a5 g5 38. Ra7+ Kg6 39. a6 h5 40. Ra8 Rf5+ 41. Kg2 Ra5 42. g4 Ra3 43. a7 Kg7 44. gxh5 f5 45. f3 f4 46. Kf2 Ra2+ 47. Ke1 Ra3 48. Ke2 Re3+ 49. Kd2 Ra3 50. Kc2 Ra2+ 51. Kb3 Ra6 52. Kb4 Ra1 53. Kb5 Rb1+ 54. Kc5 Ra1 55. Kd5 Ra3 56. Ke6 Ra6+ 57. Kf5 Ra5+ 58. Kg4 Ra3 59. Kxg5 Ra5+ 60. Kxf4 Ra4+ 61. Kg3 Ra3 62. Kg4 Ra4+ 63. f4 Ra1 64. h6+ Kh7 65. f5 Ra4+ 66. Kg5 Ra3 67. f6 Ra5+ 68. Kf4 Ra4+ 69. Ke5 Ra5+ 70. Ke6 Ra6+ 71. Ke7 Ra1 72. f7 Re1+ 73. Kf6 Rf1+ 74. Kg5 Rg1+ 75. Kh4 1-0